Central Library OPAC University of Rajshahi

Principles of transportation / (Record no. 6067)

MARC details
000 -LEADER
fixed length control field 00696nam a22002412a 4500
001 - CONTROL NUMBER
control field 6067
003 - CONTROL NUMBER IDENTIFIER
rucl marc code BD-RjUL
005 - DATE AND TIME OF LATEST TRANSACTION
control field 20211208234158.0
008 - FIXED-LENGTH DATA ELEMENTS--GENERAL INFORMATION
fixed length control field 140109t1957 nyua 001 0 eng d
035 ## - SYSTEM CONTROL NUMBER
System control number (BD-RjUL)6106
040 ## - CATALOGING SOURCE
Original cataloging agency DLC
Transcribing agency WSU
Modifying agency SER
-- EQO
-- BD-RjUL
Language of cataloging eng
041 ## - LANGUAGE CODE
Language code of text/sound track or separate title eng
082 04 - DEWEY DECIMAL CLASSIFICATION NUMBER
Classification number 388
Edition number 23
Author mark and year MOP 1957
100 1# - MAIN ENTRY--PERSONAL NAME
Personal name Mossman, Frank Homer.
9 (RLIN) 19085
245 10 - TITLE STATEMENT
Title Principles of transportation /
Statement of responsibility, etc. [by] Frank H. Mossman [and] Newton Morton
260 ## - PUBLICATION, DISTRIBUTION, ETC. (IMPRINT)
Place of publication, distribution, etc. New York :
Name of publisher, distributor, etc. Ronald Press Co,
Date of publication, distribution, etc. c1957
300 ## - PHYSICAL DESCRIPTION
Pagination 510 p. :
Illustrations illus. ;
Size 24 cm.
504 ## - BIBLIOGRAPHY, ETC. NOTE
Bibliography, etc Includes index.
650 #0 - SUBJECT ADDED ENTRY--TOPICAL TERM
Topical term or geographic name as entry element Transportation
9 (RLIN) 19086
700 1# - ADDED ENTRY--PERSONAL NAME
Personal name Morton, Newton.
942 ## - ADDED ENTRY ELEMENTS (KOHA)
Source of classification or shelving scheme Dewey Decimal Classification
Koha item type Books
Holdings
Lost status Source of classification or shelving scheme Damaged status Not for loan Collection code Permanent Location Current Location Date acquired Source of acquisition Cost, normal purchase price Total Checkouts Full call number Date last seen Copy number Koha item type Shelving location
  Dewey Decimal Classification     Non-fiction Central Library, University of Rajshahi Central Library, University of Rajshahi 27/03/1970 Zeitlinger 61.00   388 MOP 1957 09/01/2014 C-10 Books  
  Dewey Decimal Classification     Non-fiction Central Library, University of Rajshahi Central Library, University of Rajshahi 05/06/1970 Zeitlinger 61.60   388 MOP 1957 20/06/2016 C-2 Books  
  Dewey Decimal Classification     Non-fiction Central Library, University of Rajshahi Central Library, University of Rajshahi 16/09/1970 Zeitlinger 61.60   388 MOP 1957 20/06/2016 C-3 Books  
  Dewey Decimal Classification     Non-fiction Central Library, University of Rajshahi Central Library, University of Rajshahi 16/09/1970 Zeitlinger 61.60   388 MOP 1957 20/06/2016 C-4 Books  
  Dewey Decimal Classification     Non-fiction Central Library, University of Rajshahi Central Library, University of Rajshahi 05/06/1970 Zeitlinger 61.60   388 MOP 1957 20/06/2016 C-5 Books  
  Dewey Decimal Classification     Non-fiction Central Library, University of Rajshahi Central Library, University of Rajshahi 27/03/1970 Zeitlinger 61.60   388 MOP 1957 20/06/2016 C-6 Books  
  Dewey Decimal Classification     Non-fiction Central Library, University of Rajshahi Central Library, University of Rajshahi 27/03/1970 Zeitlinger 61.60   388 MOP 1957 20/06/2016 C-7 Books  
  Dewey Decimal Classification     Non-fiction Central Library, University of Rajshahi Central Library, University of Rajshahi 05/08/1968 Sweets & Zeitlinger 0.00   388 MOP 1957 16/11/2016 C-8 Books